Postavenie finančnej kontroly - vnútorný kontrolný systém

Finančná kontrola v internom kontrolnom mechanizme vo verejnej správe. Oblasť finančnej kontroly na mieste a administratívnej finančnej kontroly, ktorá sa vykonáva v organizáciách verejnej správy, štátnej správy a samosprávy. Cieľom finančnej kontroly na mieste je tak, ako pri ostatných typoch finan...

ver descrição completa

Na minha lista:
Detalhes bibliográficos
Autor principal: Sýkora, Jozef
Formato: Capítulo de Livro
Idioma:eslovaco
Assuntos:
Tags: Adicionar Tag
Sem tags, seja o primeiro a adicionar uma tag!

MARC

LEADER 00000naa a2200000 4500
001 0305457
005 20241205073341.8
041 0 |a slo 
044 |a SK 
245 1 0 |a Postavenie finančnej kontroly - vnútorný kontrolný systém  |c Jozef Sýkora 
520 |a Finančná kontrola v internom kontrolnom mechanizme vo verejnej správe. Oblasť finančnej kontroly na mieste a administratívnej finančnej kontroly, ktorá sa vykonáva v organizáciách verejnej správy, štátnej správy a samosprávy. Cieľom finančnej kontroly na mieste je tak, ako pri ostatných typoch finančnej kontroly, zabezpečiť najmä hospodárnosť, efektívnosť, účinnosť a účelnosť vynakladania verejných financií, ako aj dodržanie ostatných cieľov ako je ochrana majetku v správe alebo vo vlastníctve orgánu verejnej správy, predchádzanie podvodom a nezrovnalostiam, ich odhaľovanie a zabezpečenie nápravy. 
610 2 0 |a kontrola finančná 
610 2 0 |a správa verejná 
610 2 0 |a financie verejné 
610 2 0 |a hospodárnosť 
610 2 0 |a efektívnosť 
610 2 0 |a ochrana majetku 
100 1 |a Sýkora, Jozef